| 000 | 01024nam a2200313 i 4500 | ||
|---|---|---|---|
| 001 | 13097 | ||
| 003 | ES-MaACL | ||
| 005 | 20251218063012.0 | ||
| 007 | t| | ||
| 008 | 971126s1996 sp ||||1| spa d | ||
| 020 | _a84-7880-702-0 | ||
| 080 | _a929 Falcón, Irene | ||
| 080 | _a329(460)(091) | ||
| 100 | 1 |
_aFalcón, Irene, _d1907-1999 _9242623 |
|
| 245 | 1 | 0 |
_aAsalto a los cielos _b: mi vida junto a Pasionaria / _cIrene Falcón ; con la colaboración de Manuel Jiménez y Jesús Montero. |
| 250 | _a[1ª ed.]. | ||
| 260 |
_aMadrid : _bTemas de Hoy, _c1996. |
||
| 300 |
_a455 p., [8] p. de lám. ; _c22 cm. |
||
| 490 | 1 | _aMemorias | |
| 600 | 1 | 4 |
_aFalcón, Irene, _d1907-1999 _9242623 |
| 600 | 1 | 4 |
_aIbárruri, Dolores, _d1895-1989 _9240176 |
| 610 | 2 | 7 |
_aPartido Comunista de España- _vHistoria. _96139 |
| 700 | 1 |
_aJiménez, Manuel. _966426 |
|
| 700 | 1 |
_aMontero, Jesús. _982481 |
|
| 830 | 0 |
_aMemorias _9228383 |
|
| 852 |
_aES-MaACL _jL-20358 _bR.126172 |
||
| 942 | _2udc | ||
| 999 |
_c13097 _d13097 |
||